| 000 | 00613nam a2200193 i 4500 | ||
|---|---|---|---|
| 001 | 37335 | ||
| 003 | ES-MaACL | ||
| 005 | 20230906155542.0 | ||
| 007 | t| | ||
| 008 | 030220s1953 gw ||||1| ger d | ||
| 100 | 1 |
_aBuchholz, Herbert. _932304 |
|
| 245 | 1 | 4 |
_aDie konfluente hypergeometrische funktion / _cvon Herbert Buchholz. |
| 260 |
_aBerlin : _bSpringev, _c1953 ( _fPaul Dünnhaupt) |
||
| 300 |
_aXVI, 234 p. ; _c24 cm. |
||
| 490 | 1 | _aErgebuisse der angewandten mathématik | |
| 830 | 0 |
_aErgebuisse der angewandten mathématik _9229635 |
|
| 852 |
_aES-MaACL _jC-19194 _bR.46963 |
||
| 999 |
_c37335 _d37335 |
||